Statistics for Phoenix Suns NBA Awards Winners

Click here to take the quiz!

General Stats

  • This quiz has been taken 35 times
  • The average score is 6 of 14

Answer Stats

Player % Correct
Steve Nash
100%
Charles Barkley
91%
Amar'e Stoudemire
91%
Eddie Johnson
61%
Kevin Johnson
61%
Mike D'Antoni
48%
Walter Davis
36%
Cotton Fitzsimmons
30%
Alvan Adams
27%
Leandro Barbosa
24%
Goran Dragic
21%
Boris Diaw
18%
Danny Manning
3%
Rodney Rogers
3%

Score Distribution

Percentile by Number Answered

Percent of People with Each Score

Your Score History

You have not taken this quiz